000 00420nam a22001697a 4500
003 SGT
005 20260629100056.0
020 _a9780443379383
082 _a617.3
_bC27A
100 _aAZAR, FREDERICK M.
245 _aCAMPBELL'S OPERATIVE ORTHOPAEDICS 4 VOLUME SET
250 _a15TH
260 _aPHILADELPHIA
_bELSEVIER PUB
_c2027
300 _a1032,1979,2976,4175
650 _aORTHOPAEDICS
942 _2ddc
_cBK
999 _c34979
_d34979